000 00798nam a2200241 a 4500
001 000004544
005 20200929151446.0
008 750421s1979 mx 000 f spa
020 _a9681308212
040 _aDO-SdBNP
_bspa
_cBNPHU
041 1 7 _aspa
_heng
_2Código de idioma MARC
082 _a896.3
_bB858m
100 1 _aBrink, André Philippus
_q(André Philippus Brink),
_d1935-
_913277
240 1 0 _aLooking on darkness.
_lEspañol
245 1 0 _aMirando la oscuridad /
_cAndré Brink; traducción, R. G. P.
260 _aMéxico :
_bDiana,
_c1979.
300 _a464 p. ;
_c22 cm.
534 _aTítulo original:
_tLooking on darkness.
650 4 _aNovela africana
_912933
650 4 _aLiteratura africana
_912934
700 1 _aR. G. P.,
_etr.
_913278
910 _aCatalogación original noche
999 _c4352
_d4352